000 00422nam a2200169Ia 4500
008 220204s9999 xx 000 0 und d
020 _a0915698099
082 _a638.124
_bGRA
100 _aGraham, Joe M
245 4 _aThe hive and the honey bee
250 _aRev Ed
260 _aIlinois
_bDadant & Sons
_c1992
650 _aBee keeping
650 _aBee keeping equipment
650 _aHoney bee pests
942 _cBK
999 _c42684
_d42684